Southville International School and Colleges
Your cart is empty.
  • Cart
  • Lists
    Public lists Eva Luna New books Lux_list list_1
    Your lists Log in to create your own lists
  • Log in to your account
  • Your cookies
  • Search history
Southville International School and Colleges
  • Advanced search
  • Recent comments
  • Most popular
  • Libraries

Log in to your account

Log in with GOOGLE


If you do not have an external account, but do have a local account, you can still log in:

  1. Home
  2. MARC view: Dead man rising /
Normal view MARC view ISBD view

Dead man rising / (Record no. 296228)

[ view plain ]
MARC details
000 -LEADER
fixed length control field 00963cam a22003133a 4500
001 - CONTROL NUMBER
control field 15016199
003 - CONTROL NUMBER IDENTIFIER
control field SISC
005 - DATE AND TIME OF LATEST TRANSACTION
control field 20160711090943.0
008 - FIXED-LENGTH DATA ELEMENTS--GENERAL INFORMATION
fixed length control field 060823s2006 nyu 000 1 eng d
010 ## - LIBRARY OF CONGRESS CONTROL NUMBER
LC control number 2007582979
020 ## - INTERNATIONAL STANDARD BOOK NUMBER
International Standard Book Number 0446616710 (pbk.) :
Terms of availability $6.99
020 ## - INTERNATIONAL STANDARD BOOK NUMBER
International Standard Book Number 9780446616713 (pbk.)
035 ## - SYSTEM CONTROL NUMBER
System control number (OCoLC)ocm71032964
035 ## - SYSTEM CONTROL NUMBER
System control number (OCoLC)71032964
040 ## - CATALOGING SOURCE
Original cataloging agency OWL
Transcribing agency OWL
Modifying agency BAKER
-- OCO
-- BTCTA
-- DLC
042 ## - AUTHENTICATION CODE
Authentication code lccopycat
050 ## - LIBRARY OF CONGRESS CALL NUMBER
Classification number PZ 7
Item number .Sa136 2006
100 1# - MAIN ENTRY--PERSONAL NAME
Personal name Saintcrow, Lilith.
245 10 - TITLE STATEMENT
Title Dead man rising /
Statement of responsibility, etc Lilith Saintcrow.
260 ## - PUBLICATION, DISTRIBUTION, ETC. (IMPRINT)
Place of publication, distribution, etc New York :
Name of publisher, distributor, etc Warner Books,
Date of publication, distribution, etc 2006.
300 ## - PHYSICAL DESCRIPTION
Extent xii, 402 pages ;
Dimensions 18 cm.
490 0# - SERIES STATEMENT
Series statement Fantasy/Warner Books
500 ## - GENERAL NOTE
General note "A Dante Valentine novel"
655 #7 - INDEX TERM--GENRE/FORM
Genre/form data or focus term Fantasy fiction.
Source of term gsafd
710 2# - ADDED ENTRY--CORPORATE NAME
Corporate name or jurisdiction name as entry element Copyright Paperback Collection (Library of Congress)
Institution to which field applies DLC
906 ## - LOCAL DATA ELEMENT F, LDF (RLIN)
a 7
b cbc
c copycat
d 2
e ncip
f 20
g y-genrareb
942 ## - ADDED ENTRY ELEMENTS (KOHA)
Source of classification or shelving scheme Library of Congress Classification
Koha item type Books
Holdings
Withdrawn status Lost status Source of classification or shelving scheme Damaged status Home library Current library Shelving location Date acquired Source of acquisition Sub Shelving location Total Checkouts Full call number Barcode Date last seen Price effective from Koha item type
    Library of Congress Classification   College Library College Library Fiction Section 07/11/2016 Donation     PZ 7 .Sa136 2006 C20603 05/08/2018 07/11/2016 Books

Dead man rising /

APA

Saintcrow L., Copyright Paperback Collection (Library of Congress), . (2006). Dead man rising. New York: Warner Books.

Chicago

Saintcrow Lilith, Copyright Paperback Collection (Library of Congress), . 2006. Dead man rising. New York: Warner Books.

Harvard

Saintcrow L., Copyright Paperback Collection (Library of Congress), . (2006). Dead man rising. New York: Warner Books.

MLA

Saintcrow Lilith, Copyright Paperback Collection (Library of Congress), . Dead man rising. New York: Warner Books. 2006.

  • Place hold
  • Print
  • Cite
  • Add to your cart (remove)
  • Save record
    BIBTEX Dublin Core MARCXML MARC (non-Unicode/MARC-8) MARC (Unicode/UTF-8) MARC (Unicode/UTF-8, Standard) MODS (XML) RIS
  • More searches
    Search for this title in:
    Other Libraries (WorldCat) Other Databases (Google Scholar) Online Stores (Bookfinder.com) Open Library (openlibrary.org)

Exporting to Dublin Core...

SOUTHVILLE LIBRARY

Southville International School and Colleges Library

1281 Tropical Ave. Cor. Luxembourg St., BF Homes International, Las Pinas City

Tel. No. 8256374 / 252358 Loc. 117/146

Powered by Koha